Poradcovia: áno alebo nie?

Kto je poradca a čo je jeho náplňou. Charakteristika dobrého poradcu. Vzťah medzi manažérom a poradcom. Prečo využiť služby poradcu. Návratnosť výdavkov na poradcu. Proces poradenstva: vzdelávanie, riešenie projektov a koučovanie.

Saved in:
Bibliographic Details
Main Author: Křivánek, Dalibor
Format: Book Chapter
Language:Slovak
Subjects:
Tags: Add Tag
No Tags, Be the first to tag this record!

MARC

LEADER 00000naa$a2200000$$$4500
001 0097749
005 20231116120626.0
041 0 |a slo 
044 |a SK 
245 1 0 |a Poradcovia: áno alebo nie?  |c Dalibor Křivánek 
520 |a Kto je poradca a čo je jeho náplňou. Charakteristika dobrého poradcu. Vzťah medzi manažérom a poradcom. Prečo využiť služby poradcu. Návratnosť výdavkov na poradcu. Proces poradenstva: vzdelávanie, riešenie projektov a koučovanie. 
610 2 0 |a poradcovia 
610 2 0 |a poradenstvo 
610 2 0 |a koučovanie 
610 2 0 |a vzdelávanie 
610 2 0 |a projekty 
610 2 0 |a výdavky 
100 1 |a Křivánek, Dalibor